00946cam a2200241 a 450000500170000000800410001702000150005804000230007304100080009604400070010408200160011110000300012724500860015726000610024330000520030450400640035661000390042065000350045965000670049465000400056165000510060165000520065220160304155753.0990823s1998 ck a r 00010 spa d a958903778X ala cladCO-BoIAVH0 aspa ack04a600 bO76c 1 aOspina Bozzi, Martha Luz.10aColciencias, 30 años : bmemorias de un compromiso / cMartha Luz Ospina Bozzi. aSanta Fe de Bogotá : bSan martín Obregón, c1998. a370 páginas : bIlustraciones ; c24 x 22 cm. aIncluye referencias bibliográficas: páginas 343 - 348. 2 aColcienciasx Historiaz Colombia.16aCienciax Historiaz Colombia.26aDesarrollo científico y tecnológicox Historiaz Colombia.26aTecnologíax Historiaz Colombia.26aPolítica científicax Historiaz Colombia.26aPolítica tecnológicax Historiaz Colombia.